| 000 | 004110000a22001450004500 | ||
|---|---|---|---|
| 005 | 20240319131351.0 | ||
| 008 | 230817t ||||| |||| 00| 0 eng d | ||
| 082 |
_a331.31 _bFAD |
||
| 245 | _aFading hopes | ||
| 260 |
_aPeshwar: _bHuman resources Management & development center, _c2000 |
||
| 300 |
_a94 p. _bBibliography included |
||
| 650 | _aCHILD LABOUR | ||
| 650 | _aChild worker-Social behaviour | ||
| 942 | _cRP | ||
| 999 |
_c613 _d613 |
||